Las palabras andantes /

Guardado en:
Autor Principal: Galeano, Eduardo
Otros Autores: Borges, J., il.
Formato: Libro
Publicado: Buenos Aires : Siglo veintiuno, 2013
Materias:
Etiquetas: Agregar Etiqueta
Sin Etiquetas, Sea el primero en etiquetar este registro!
LEADER 00771nam a22002415a 4500
001 CEM.cems014259
005 20140325094147.0
008 130507s2013##################000#0#####d
003 CEMS
020 |a 9789876291101 
082 0 4 |a U868.4 
100 1 |a Galeano, Eduardo 
245 1 0 |a Las palabras andantes /  |c Eduardo Galeano ; grabados de J. Borges 
260 |a Buenos Aires :  |b Siglo veintiuno,  |c 2013 
300 |a 328 p. 
653 |a Literatura 
653 |a Literatura uruguaya 
653 |a Narrativa 
653 |a Narrativa uruguaya 
653 |a Ministerio de educación-colección literaria 
700 1 |a Borges, J., il. 
859 |a CEMS  |b BIB. CEMS - 11 de abril  |h U868.4  |i G131-1  |p 26823.14  |t Ej.1 
859 |a CEMS  |b BIB. CEMS - 11 de abril  |h U868.4  |i G131-1  |p 27167.15  |t Ej.2